000 00608nam a2200217Ia 4500
005 20250326144143.0
008 250326s9999 xx 000 0 und d
020 _a0-19-568419-2
037 _aTextbook
040 _aFMSL
_beng
_cFMSL
041 _aeng
_2eng
084 _aX:72 P7
_qFMSL
100 _aBhattacharya B B
245 0 _aMacroeconomic reforms, growth, and stability
_cBhattacharya B B; Kar S
260 _aNew Delhi
_bNew Delhi, Oxford University
_c2007
300 _axviii,263
365 _b595
650 _aEconomics
942 _cTB
_hX:72 P7
999 _c1302580
_d1302580